Fr. Conceicao Rodrigues College of Engineering

Professional Ajax (Record no. 32390)

MARC details
000 -LEADER
fixed length control field 00374nam a2200181Ia 4500
082 ## - DEWEY DECIMAL CLASSIFICATION NUMBER
Classification number 5.133
Item number ZAK
100 ## - MAIN ENTRY--PERSONAL NAME
Personal name Zakas/Nicholas C/ Mc Peak/ Jeremy
250 ## - EDITION STATEMENT
Edition statement 2
245 ## - TITLE STATEMENT
Title Professional Ajax
260 ## - PUBLICATION, DISTRIBUTION, ETC.
Name of publisher, distributor, etc. Wiley India
Date of publication, distribution, etc. 2007
366 ## - TRADE AVAILABILITY INFORMATION
Publishers's discount category 25
300 ## - PHYSICAL DESCRIPTION
Extent 597
546 ## - LANGUAGE NOTE
Language note ENGLISH
-- electronics
650 ## - SUBJECT ADDED ENTRY--TOPICAL TERM
Topical term or geographic name entry element AJAX
654 ## - SUBJECT ADDED ENTRY--FACETED TOPICAL TERMS
Focus term ajax
942 ## - ADDED ENTRY ELEMENTS (KOHA)
Koha item type BOOK
Holdings
Withdrawn status Lost status Damaged status Not for loan Collection Home library Current library Date acquired Source of acquisition Cost, normal purchase price Inventory number Total Checkouts Full call number Barcode Date last seen Cost, replacement price Price effective from Koha item type
        CRC Fr. Agnel's C.Rodrigues College of Engineering Fr. Agnel's C.Rodrigues College of Engineering 17/03/2023 Allied Publishers 449.25 753 dt 13/08/2014   5.133 ZAK 23484 17/03/2023 599.00   BOOK
        CRC Fr. Agnel's C.Rodrigues College of Engineering Fr. Agnel's C.Rodrigues College of Engineering 17/03/2023 Allied Publishers 449.25 753 dt 13/08/2014   5.133 ZAK 23485 17/03/2023 599.00   BOOK